[Event "3rd GRENKE Chess Open 2018"]
[Site "Karlsruhe"]
[Date "2018.03.31"]
[Round "4"]
[White "Moussard, Jules"]
[Black "Obolentseva, Alexandra"]
[Result "1-0"]
[WhiteElo "2576"]
[BlackElo "2350"]
[Annotator "TA"]
[PlyCount "59"]
[EventDate "2018.??.??"]
[EventType "swiss"]
[EventCountry "GER"]
[SourceTitle "playchess.com"]
[Source "ChessBase"]
[SourceQuality "1"]

{[%evp 13,59,5,8,11,28,30,26,29,35,27,56,27,43,37,66,54,66,62,88,95,92,96,111,83,82,89,90,67,109,74,203,151,329,321,318,318,320,327,318,324,370,369,406,403,404,406,406,406]} 1. Nf3 Nf6 2. b3 d5 3. Bb2 g6 4. c4 Bg7 5. e3 O-O 6. cxd5 {A06: Réti Opening:1 Nf3 d5} Qxd5 7. Bc4 Qd8 {LiveBook: 13 Games} 8. d4 {The position is equal.} (8. O-O c5 9. Be2 Nc6 10. Qc1 Qd6 11. Na3 b6 12. d4 cxd4 13. Nb5 {½-½ (31) Jobava,B (2687)-Yu,Y (2744) Tbilisi 2017}) 8... b6 9. O-O Bb7 10. Qe2 $146 ({Predecessor:} 10. Nbd2 Nbd7 11. Qe2 a6 12. a4 c6 13. e4 {1-0 (44) Williams,S (2512)-Arngrimsson,D (2353) Reykjavik 2011}) 10... Ne4 11. Rd1 a5 12. Na3 Na6 13. Rac1 Nb4 14. d5 $1 Bxb2 (14... Bxd5 $2 15. Bxg7 Kxg7 16. Bxd5 $18) 15. Qxb2 Nd6 16. Nb5 Nxc4 17. bxc4 ({Not} 17. Rxc4 Ba6 $17) 17... Na6 18. h4 Nc5 19. Qe5 Rc8 20. h5 Qd7 21. Rd4 Qf5 (21... Ba6 $16) 22. hxg6 $40 {[%mdl 128] White is out for blood.} Qxg6 $2 {[#]} (22... hxg6 $16 {keeps fighting.} 23. Qxe7 Rfe8) 23. Nh4 $18 ({Weaker is} 23. Nxc7 f6 $14) ({Less strong is} 23. Qxe7 f5 $18) 23... Qf6 24. Qxf6 exf6 25. Nf5 Kh8 26. f3 Ba6 27. Kf2 {White is winning.} Bxb5 28. cxb5 Rce8 29. Rh1 {[#] White wants to mate with Rdh4.} Re5 30. Rh5 {Precision: White = 69%, Black = 29%.} 1-0

[Event "3rd GRENKE Chess Open 2018"]
[Site "Karlsruhe"]
[Date "2018.03.31"]
[Round "4"]
[White "Heimann, Andreas"]
[Black "Zeller, Frank"]
[Result "1-0"]
[WhiteElo "2574"]
[BlackElo "2383"]
[Annotator "TA"]
[PlyCount "67"]
[EventDate "2018.??.??"]
[EventType "swiss"]
[EventCountry "GER"]
[SourceTitle "playchess.com"]
[Source "ChessBase"]
[SourceQuality "1"]

{[%evp 19,67,23,58,56,49,41,72,83,73,87,84,99,115,92,122,109,289,287,300,300,303,248,445,425,556,469,539,474,450,344,337,306,538,534,653,649,736,736,714,718,703,706,747,740,733,746,732,701,763,757]} 1. Nf3 c5 2. c4 Nf6 3. Nc3 e6 4. g3 b6 5. Bg2 Bb7 6. O-O d6 7. d4 cxd4 8. Qxd4 a6 9. Bg5 Nbd7 {A30: Symmetrical English: Double Fianchetto and Hedgehog} 10. Qd2 Qc7 {LiveBook: 5 Games} (10... Rc8 11. b3 Be7 12. Rfd1 O-O 13. Bf4 Ne8 14. Rac1 h6 15. e4 Qc7 16. Qe2 Qb8 17. Be3 Nef6 18. Nd2 Rfe8 19. f4 Qa8 20. h3 Bf8 21. Bf2 Bc6 22. b4 {½-½ (32) Grischuk,A (2795)-Perunovic,M (2602) Tromsoe 2014}) 11. Rfd1 Rd8 {White is slightly better.} 12. Bf4 {[%cal Rf4d6]} Nc5 13. b4 {[%cal Bb2b4,Bb4b5][%mdl 32]} Nce4 14. Nxe4 Nxe4 15. Qc2 Nf6 $146 ({Predecessor:} 15... Be7 16. Nd4 Nf6 17. Qa4+ {1-0 (31) Andersen,M (2525)-Roe,S (2238) Helsingor 2016}) 16. Qa4+ Bc6 17. b5 Bb7 $2 {[#]} (17... axb5 $16 18. cxb5 Bb7) 18. bxa6+ $18 Bc6 19. Qb4 e5 20. Bg5 d5 $2 (20... Ra8 21. Bxf6 gxf6) 21. Qb2 Bc5 22. Qxe5+ Qe7 23. Bxf6 gxf6 24. Qxe7+ Kxe7 25. Nd4 Ba8 $2 {[#]} (25... Ba4 26. Nf5+ (26. cxd5 Bxd1 27. Rxd1 Ra8 $18) 26... Kd7) 26. cxd5 {White is clearly winning.} Bxd5 27. Nb5 Bxg2 28. Rxd8 Rxd8 29. Kxg2 {KRB-KRN} Ra8 30. a7 Kd7 31. Rd1+ Kc6 32. a4 Re8 33. e3 Ra8 34. Kf3 {Precision: White = 89%, Black = 31%.} 1-0

[Event "3rd GRENKE Chess Open 2018"]
[Site "Karlsruhe"]
[Date "2018.03.31"]
[Round "4"]
[White "Santos Latasa, Jaime"]
[Black "Petkidis, Anthony"]
[Result "1/2-1/2"]
[WhiteElo "2549"]
[BlackElo "2314"]
[Annotator "TA"]
[PlyCount "84"]
[EventDate "2018.??.??"]
[EventType "swiss"]
[EventCountry "GER"]
[SourceTitle "playchess.com"]
[Source "ChessBase"]
[SourceQuality "1"]

{[%evp 19,84,25,48,-21,-21,-21,-21,-24,-12,-20,-16,-21,-23,-10,-13,-27,0,-1,-8,-37,-38,-57,-42,-58,-53,-50,-57,-55,-47,-86,-87,-121,-59,-152,-131,-129,-135,-224,-207,-227,-226,-227,-227,-225,-208,-227,-195,-226,-118,-125,-20,-20,-20,-20,-20,-20,-20,-20,-20,-66,-66,-107,-107,-107,-107,-107,-107]} 1. c4 c5 2. Nf3 Nf6 3. Nc3 d5 4. cxd5 Nxd5 5. g3 Nc6 6. Bg2 Nc7 7. O-O e5 8. d3 Be7 9. Nd2 Bd7 10. Nc4 O-O {LiveBook: 127 Games} 11. Bd2 {A34: Symmetrical English: 2 Nc3, lines with ...d5} ({White should play} 11. Bxc6 $14 Bxc6 12. Nxe5) (11. Bxc6 Bxc6 12. Nxe5 Be8 13. Qb3 b6 14. Be3 Kh8 15. Rfd1 f6 16. Nf3 Bf7 17. Qc2 Nd5 18. d4 Nxe3 19. fxe3 Qc8 20. Qe4 Re8 21. Qf4 {1-0 (69) Akopian,V (2691)-Ponkratov,P (2605) Khanty-Mansiysk 2013}) 11... b5 $11 12. Ne3 Rc8 $146 ({Predecessor:} 12... a5 13. Rc1 a4 14. Ne4 Ne6 15. Nd5 Ra6 16. Nec3 Na5 17. f4 exf4 18. Nxe7+ Qxe7 {1-0 (37) Etchechoury,G-Berthelsen,R (2210) Sweden 1999}) 13. a4 {The position is equal.} a6 14. Ncd5 Nxd5 15. Nxd5 Be6 16. axb5 axb5 17. e4 Bd6 18. Ra6 Nd4 19. Bc3 Ra8 $36 {[%mdl 2048] Black fights for an advantage.} 20. Qa1 Ne2+ 21. Kh1 Bxd5 22. exd5 Nxc3 23. bxc3 b4 24. cxb4 cxb4 {[%cal Bc5b4,Bb4b3][%mdl 32]} 25. Rc1 Qb8 ({Better is} 25... b3 $17 26. Rb1 Rxa6 27. Qxa6 Qc7) 26. Qa4 (26. Rxa8 $15 Qxa8 27. d4) 26... Rxa6 27. Qxa6 b3 {[#] aiming for ...b2.} 28. Bh3 (28. Rb1 $17) 28... Qb4 29. Kg2 b2 30. Rb1 Bc5 31. Qc4 {and if Qxb4 works, White does fine.} Rb8 32. Rxb2 Qxb2 33. Qxc5 $19 {[%mdl 4096] Endgame KQR-KQB} Qb6 (33... Qd4 $19 34. Qxd4 exd4) 34. Qe7 $17 Qf6 (34... Qd8 $17 35. Qxe5 Rb5) 35. Qxf6 $11 gxf6 {KR-KB} 36. d6 Rb4 {Hoping for ...Rd4.} 37. d7 Rd4 38. Bf5 Kg7 39. Kf3 h6 40. Ke3 Kf8 {Black is better.} 41. Ke2 Ke7 42. Ke3 Rb4 {Precision: White = 43%, Black = 67%.} 1/2-1/2

[Event "3rd GRENKE Chess Open 2018"]
[Site "Karlsruhe"]
[Date "2018.03.31"]
[Round "4"]
[White "Danin, Alexandre"]
[Black "Reuker, Jari"]
[Result "1-0"]
[WhiteElo "2540"]
[BlackElo "2343"]
[Annotator "TA"]
[PlyCount "67"]
[EventDate "2018.??.??"]
[EventType "swiss"]
[EventCountry "GER"]
[SourceTitle "playchess.com"]
[Source "ChessBase"]
[SourceQuality "1"]

{[%evp 34,67,31,22,88,79,78,68,61,75,85,40,136,131,192,193,190,187,179,179,271,230,271,277,649,649,1023,996,1621,1621,1583,1563,1475,1429,1310,1264]} 1. e4 c5 2. Nf3 e6 3. d4 cxd4 4. Nxd4 Nc6 5. Nc3 Qc7 6. Be3 a6 7. Be2 Nf6 8. O-O Bb4 9. Na4 Be7 10. Nxc6 bxc6 11. Nb6 Rb8 12. Nxc8 Qxc8 13. Bd4 c5 14. Be5 Rb6 15. Qd3 d6 {B49: Sicilian: Taimanov: 5 Nc3 Qc7 6 Be3 a6 7 Be2} 16. Bc3 O-O 17. b3 Qc6 18. Bf3 {[#] LiveBook: 9 Games} Rc8 $146 (18... Nd7 $11 {keeps the balance.}) ({Predecessor:} 18... Nd7 19. Qe3 c4 20. Be2 Bf6 21. Bxf6 Nxf6 {½-½ (21) Kulaots,K (2568)-Neiksans,A (2612) Viljandi 2016}) 19. e5 Nd5 {With the idea ...c4.} 20. Ba5 Rb5 21. c4 Rxa5 22. cxd5 Qb5 (22... c4 $1 $14) 23. Qe3 $36 {[%mdl 2048] Hoping for exd6. Keeping Black busy.} exd5 (23... c4 $16) 24. Bxd5 $18 c4 25. bxc4 Qc5 26. e6 f5 (26... Qxe3 $142 27. exf7+ (27. fxe3 f6 $16) 27... Kf8 28. fxe3 Bg5) 27. Qe2 g6 28. Rab1 Ra4 $2 {[#]} (28... Qd4 29. Rb7 Qf6) 29. Rb7 {White is clearly winning.} Rc7 {intending ...Rxb7.} 30. Qb2 a5 31. Rb8+ Rc8 32. Qb7 ({Weaker is} 32. Rb7 Rb4 $16) 32... Rxb8 33. Qxb8+ Kg7 34. Qe8 {Precision: White = 95%, Black = 29%.} 1-0

[Event "3rd GRENKE Chess Open 2018"]
[Site "Karlsruhe"]
[Date "2018.03.31"]
[Round "4"]
[White "Kollars, Dmitrij"]
[Black "Rietze, Clemens"]
[Result "1-0"]
[WhiteElo "2534"]
[BlackElo "2340"]
[Annotator "TA"]
[PlyCount "99"]
[EventDate "2018.??.??"]
[EventType "swiss"]
[EventCountry "GER"]
[SourceTitle "playchess.com"]
[Source "ChessBase"]
[SourceQuality "1"]

{[%evp 18,99,43,36,41,11,60,53,73,59,66,66,135,60,87,82,87,48,103,106,107,104,153,149,152,153,335,333,333,344,342,331,445,422,443,318,320,319,319,320,322,282,341,337,372,381,373,342,534,529,528,513,494,480,581,585,566,552,675,650,865,841,771,691,681,658,822,811,821,815,809,809,793,792,972,946,29972,29976,29975,29975,29970,29970,29986,29986]} 1. e4 c5 2. Nf3 e6 3. d4 cxd4 4. Nxd4 Nc6 5. Nc3 Qc7 6. Be3 a6 7. Qd2 Nf6 8. f4 {B48: Sicilian: Taimanov: 5 Nc3 Qc7 6 Be3 a6 without Be2} b5 (8... Bb4 9. Bd3 Na5 10. a3 Bxc3 11. Qxc3 Qxc3+ 12. bxc3 d5 13. exd5 exd5 14. Nb3 Nc4 15. Bd4 Ne4 {1-0 (57) Carlsen,M (2834)-Matlakov,M (2718) Wijk aan Zee 2018}) 9. e5 Ng4 10. Bg1 {LiveBook: 9 Games. White is slightly better.} Be7 $146 ({Predecessor:} 10... Nxd4 11. Bxd4 Bb7 12. O-O-O Rd8 13. h3 Nh6 14. Qf2 Qc6 15. Rd2 Nf5 {0-1 (68) Triapishko,O (2531)-Bocharov,D (2583) Taganrog 2018}) 11. Be2 {Nxc6 is the strong threat.} Nh6 12. Nxc6 dxc6 13. Ne4 O-O $1 14. Bc5 Rd8 {[#]} (14... Bxc5 $14 15. Nxc5 Qb6) 15. Qc3 ({Better is} 15. Nd6 $1 $16) 15... a5 16. Bxe7 Qxe7 17. O-O {[%cal Bh1f1,Bf1d1,Bd1d3][%mdl 32]} Qa7+ {[#]} ({Black should play} 17... Nf5 $14) 18. Qc5 $1 $16 Nf5 19. Rfd1 {[%cal Rd1d8]} Rd5 20. c4 bxc4 21. Bxc4 $40 {[%mdl 128] White attacks with force.} Ne3 $2 (21... Rxd1+ $16 22. Rxd1 Bd7) 22. Bxd5 $18 exd5 23. Qxa7 Rxa7 24. Rd3 Nc2 25. Rc1 Nb4 26. Rd2 Bd7 27. a3 dxe4 28. axb4 axb4 {[%mdl 4096] Endgame KRR-KRB} 29. Kf2 f5 30. Rc4 b3 31. Rd6 Kf7 32. Rb4 Be6 (32... h5 {was necessary.} 33. Ke3 Ke7 34. Rxb3 Be6) 33. Rxc6 Rd7 34. Rd6 Rc7 35. Ke3 Ke7 36. Rbb6 Bf7 37. Rbc6 Ra7 38. g4 fxg4 39. f5 Be8 40. Ra6 Rc7 41. Rdb6 Bf7 42. Kxe4 Rc4+ 43. Ke3 {Rb7+ would kill now.} Rc7 44. Kf4 Bd5 45. Kxg4 Kf7 46. Rd6 Be4 {[#]} 47. Rd7+ $3 {[%mdl 512] White mates.} Rxd7 48. e6+ Ke7 49. exd7 g6 50. Re6+ {Precision: White = 84%, Black = 23%.} 1-0

[Event "3rd GRENKE Chess Open 2018"]
[Site "Karlsruhe"]
[Date "2018.03.31"]
[Round "4"]
[White "Burmakin, Vladimir"]
[Black "Podat, Vladimir"]
[Result "1/2-1/2"]
[WhiteElo "2522"]
[BlackElo "2324"]
[Annotator "TA"]
[PlyCount "108"]
[EventDate "2018.??.??"]
[EventType "swiss"]
[EventCountry "GER"]
[SourceTitle "playchess.com"]
[Source "ChessBase"]
[SourceQuality "1"]

{[%evp 15,108,-10,-4,-10,-9,-5,-1,-9,-5,-7,-6,-13,-7,-5,-6,-8,-12,-8,-6,-12,-14,-14,-12,-18,0,-3,0,0,18,11,55,66,56,39,37,52,70,0,0,0,0,-14,-31,-65,-65,-60,0,0,0,0,5,5,5,5,5,5,7,0,0,0,0,0,0,0,0,0,0,0,11,11,11,11,11,11,11,11,11,0,0,0,11,11,11,0,11,0,0,0,0,0,0,0,3,0,0]} 1. Nf3 c5 2. g3 Nc6 3. Bg2 g6 4. c4 Bg7 5. Nc3 d6 6. O-O Bf5 7. e4 {A37: Symmetrical English vs ...g6: 4 Bg2 Bg7 5 Nf3} (7. h3 Qc8 8. Kh2 Nf6 9. d3 O-O 10. e4 Bd7 11. Be3 a6 12. Rc1 Rb8 13. Nd5 Qd8 14. b3 e6 {0-1 (31) Svidler,P (2765)-Dubov,D (2683) St Petersburg 2017}) 7... Bg4 8. h3 Bxf3 {LiveBook: 5 Games} 9. Qxf3 e6 10. d3 Nd4 11. Qd1 Ne7 12. Rb1 $146 ({Predecessor:} 12. h4 O-O 13. Bg5 Rb8 14. Qd2 a6 {0-1 (63) Rathlev,J (2255)-Andersen,I (2119) Denmark 2014}) 12... O-O 13. a3 Rb8 14. b4 cxb4 15. axb4 b5 16. Be3 a6 17. Qd2 Qd7 18. Rfc1 Rfc8 19. Na2 Rc7 20. f4 Qc8 {[%cal Rb5c4]} 21. Qf2 e5 22. Bf1 a5 23. bxa5 {[#] Strongly threatening Bxd4.} bxc4 24. Rxb8 Qxb8 25. dxc4 Rc5 26. Nc3 (26. a6 $14) 26... Rxa5 $11 27. Rb1 Qa8 28. Bxd4 exd4 29. Nd5 Nxd5 30. cxd5 Ra2 {[#]} (30... Ra3 $15) 31. Rb8+ $1 {[%mdl 512] The position is equal.} Qxb8 32. Qxa2 h5 33. h4 Qb4 {And now ...d3! would win.} 34. Bd3 Qe1+ 35. Kg2 Qe3 36. Qc2 g5 37. hxg5 {Hoping for Qe2.} h4 $1 38. gxh4 Qxf4 39. Qf2 Qg4+ 40. Qg3 Qd1 41. Qf3 Qd2+ 42. Kh3 Be5 43. Bb5 Qc1 44. Kg4 Qc5 45. Be2 Qc8+ 46. Qf5 Qc2 47. Qf3 Qc8+ 48. Kh5 Kg7 49. Bb5 Qb8 50. Bf1 Qc8 51. Bd3 Qh8+ 52. Kg4 {Black should prevent Qf5.} Qc8+ 53. Qf5 Qc3 54. Qf1 Qc8+ {Precision: White = 58%, Black = 77%.} 1/2-1/2

[Event "3rd GRENKE Chess Open 2018"]
[Site "Karlsruhe"]
[Date "2018.03.31"]
[Round "4"]
[White "Schlosser, Philipp"]
[Black "Buckels, Valentin"]
[Result "1-0"]
[WhiteElo "2510"]
[BlackElo "2318"]
[Annotator "TA"]
[PlyCount "131"]
[EventDate "2018.??.??"]
[EventType "swiss"]
[EventCountry "GER"]
[SourceTitle "playchess.com"]
[Source "ChessBase"]
[SourceQuality "1"]

{[%evp 16,131,5,18,27,21,36,0,5,18,60,45,76,81,109,107,112,112,95,106,108,99,112,87,94,81,80,78,92,76,95,76,170,163,210,146,144,156,149,151,159,146,149,162,148,143,151,142,148,126,98,116,543,510,399,31,93,35,54,64,79,105,316,316,297,306,265,37,37,39,368,374,536,499,1498,1329,1925,1910,1907,1785,1800,1545,985,690,2058,1743,1785,1478,29962,29963,29964,29963,29965,29968,29970,29971,29977,29978,29978,29979,29979,29980,29980,29981,29979,29980,29984,29985,29985,29986,29986,29986,29987,29987,29987,29985,29984,29985]} 1. d4 Nf6 2. Nf3 e6 3. e3 b6 4. Bd3 Bb7 5. O-O d5 6. c4 Be7 7. cxd5 exd5 8. Nc3 O-O 9. b3 Re8 {E14: Queen's Indian: Classical Variation (4 e3)} 10. Bb2 a6 11. Rc1 Bd6 {The position is equal.} 12. Ne5 b5 $146 ({Predecessor:} 12... Nbd7 13. f4 c5 14. Qf3 Nf8 15. Ne2 Ne6 16. Qh3 Rc8 17. Bf5 {1-0 (25) Kovalenko,I (2684)-Meskovs,N (2489) Parnu 2016}) 13. Ne2 c5 14. Rxc5 Bxc5 15. dxc5 Qc7 16. Nf3 $1 {aiming for Bxf6.} Qxc5 17. Bxf6 $1 gxf6 18. Nfd4 {Strongly threatening Ng3.} Nd7 19. Ng3 {[%cal Be2g3,Bg3h5,Bh5f6][%mdl 1056] White has strong compensation.} Ne5 20. Bb1 Bc8 21. Qh5 Ng6 22. Qf3 Qd6 23. Nh5 Re5 (23... f5 $16 {was necessary.}) 24. Rc1 $1 $18 ({Resist} 24. Qxf6 $6 Qxf6 25. Nxf6+ Kh8 $16) 24... Rg5 25. Qxf6 Qxf6 26. Nxf6+ $40 {[%mdl 128] White attacks with force.} Kg7 27. Ne8+ Kf8 28. f4 $1 Rxg2+ 29. Kxg2 Kxe8 30. Kg3 Bd7 31. Rc5 Rc8 32. b4 Rxc5 33. bxc5 h5 $2 {[%mdl 8192]} (33... Ke7 $16 {is more resistant.}) 34. Bxg6 $1 fxg6 {[%mdl 4096] Endgame KB-KN} 35. a3 $2 (35. c6 $18) 35... Ke7 {[#]} (35... Kd8 $14) 36. Kf2 ({White should play} 36. Kh4 $1 $16) 36... Bh3 37. Ke2 Kd7 38. Kd3 Bf1+ $2 (38... Bg2 $16) 39. Kc3 a5 {[#]} 40. Nb3 $1 Kc6 41. Nxa5+ $2 ({White must play} 41. Kd4 $18) 41... Kxc5 $14 42. Nb3+ Kd6 $2 {[%mdl 8192]} (42... Kc6 $1 $14) 43. Nd4 $18 h4 (43... Ke7 $142 44. Kb4 Kd6 45. Nxb5+ Kc6) 44. Kb4 g5 (44... Bd3 $142 45. Nxb5+ Kc6) 45. fxg5 Ke5 46. Nf3+ Kf5 47. Nxh4+ Kxg5 48. Nf3+ Kf5 49. Kc5 Bc4 50. Kd4 Bb3 51. Nd2 Ba2 52. Kc5 {White mates.} Ke5 53. Kxb5 d4 54. Nf3+ Ke4 55. Nxd4 Kxe3 56. Kc5 Bb1 57. a4 {[%cal Ba3a4,Ba4a5,Ba5a6,Ba6a7][%mdl 32]} Kf2 58. a5 Bd3 59. Nb5 Kg2 60. a6 Kxh2 61. a7 Be4 62. Nd6 Ba8 63. Kb6 Kg3 64. Kc7 Kf4 65. Kb8 Bh1 66. Nb7 {Precision: White = 68%, Black = 30%.} 1-0

[Event "3rd GRENKE Chess Open 2018"]
[Site "Karlsruhe"]
[Date "2018.03.31"]
[Round "4"]
[White "Kanarek, Marcel"]
[Black "Murphy, Conor E"]
[Result "1-0"]
[WhiteElo "2506"]
[BlackElo "2312"]
[Annotator "TA"]
[PlyCount "51"]
[EventDate "2018.??.??"]
[EventType "swiss"]
[EventCountry "GER"]
[SourceTitle "playchess.com"]
[Source "ChessBase"]
[SourceQuality "1"]

{[%evp 24,51,50,35,86,86,95,82,106,109,113,113,91,85,84,72,252,247,376,368,406,250,415,409,712,716,29993,29994,29994,29995]} 1. e4 c5 2. Nf3 e6 3. d4 cxd4 4. Nxd4 Nc6 5. Nc3 Qc7 6. Be2 Nf6 7. Be3 Be7 8. f4 d6 9. Qd2 Nxd4 10. Bxd4 e5 11. Be3 O-O 12. O-O-O a6 {B83: Sicilian Scheveningen: 6 Be2, lines without ...a6} 13. g4 {LiveBook: 24 Games} Bxg4 ({Black should play} 13... b5 $14) (13... b5 14. Nd5 Nxd5 15. exd5 Bb7 16. Kb1 exf4 17. Bxf4 Rfe8 18. g5 Bc8 19. h4 Bf5 20. Bd3 {½-½ (49) Svidler,P (2752)-Ivanisevic,I (2619) Warsaw 2013}) 14. Bxg4 $16 Nxg4 {White is better.} 15. Nd5 Qd8 16. Bb6 Qe8 17. Rhg1 {[%cal Bh1g1,Bg1g7,Bg7a7][%mdl 32]} Nf6 18. fxe5 ({Much weaker is} 18. Qg2 $6 g6 $11) 18... Nxd5 19. exd5 Kh8 $146 (19... g6 $16) ({Predecessor:} 19... Bd8 20. Bxd8 Qxd8 {1-0 (29) Socko,B (2623)-Lazarev,V (2368) Pattaya 2015}) 20. exd6 $40 {[%mdl 128] White goes for the king.} Bxd6 {[#]} (20... Bf6 $142 21. Bd4 Qd8) 21. Rxg7 $1 {[%mdl 512]} Qe4 {Threatens to win with ...Bf4.} ({Stronger than} 21... Kxg7 22. Qg5+ Kh8 23. Qf6+ Kg8 24. Rg1+ Bg3 25. Rxg3#) 22. Bd4 f6 $2 (22... Be5 {is a better defense.}) 23. Rdg1 {aiming for Rg8+.} Qf5 (23... Be5 $142) 24. Kb1 b5 25. Qh6 Be5 26. Ra7 {Precision: White = 93%, Black = 25%.} 1-0

[Event "3rd GRENKE Chess Open 2018"]
[Site "Karlsruhe"]
[Date "2018.03.31"]
[Round "4"]
[White "Lobron, Eric"]
[Black "Rapport, Richard"]
[Result "0-1"]
[WhiteElo "2503"]
[BlackElo "2715"]
[Annotator "TA"]
[PlyCount "73"]
[EventDate "2018.??.??"]
[EventType "swiss"]
[EventCountry "GER"]
[SourceTitle "playchess.com"]
[Source "ChessBase"]
[SourceQuality "1"]

{[%evp 22,73,31,30,21,22,21,15,27,-10,-19,-12,-2,-22,-20,-33,-38,-34,-38,-59,-40,-52,-46,-60,-60,-56,-56,-97,-95,-76,-48,-72,-53,-76,-62,-73,-75,-83,-57,-83,-41,-105,-99,-124,-84,-104,-55,-197,-178,-309,-308,-313,-304,-362]} 1. d4 e6 2. c4 Bb4+ 3. Bd2 a5 4. Nf3 Nf6 5. g3 b6 6. Bg2 Bb7 7. O-O O-O 8. Bg5 Be7 9. Bxf6 {E16: Queen's Indian: 4 g3 Bb7 5 Bg2 Bb4+} Bxf6 10. Nc3 d6 11. Qc2 g6 (11... Qc8 12. Rad1 Nd7 13. a3 g6 14. e4 Bg7 15. Rfe1 c6 16. h4 Qc7 {0-1 (46) Bosiocic,M (2624)-Salgado Lopez,I (2644) Riadh 2017}) 12. Rad1 {LiveBook: 6 Games} Bg7 13. h4 $146 ({Predecessor:} 13. e4 Qe7 14. Rfe1 Nd7 15. b3 Rfd8 16. Re2 Rac8 {1-0 (58) Shaidullina,S (2331)-Yugina,M (2023) St Petersburg 2005}) 13... Nc6 14. a3 Rb8 15. Nb5 Ne7 16. Rfe1 Ba6 17. a4 Nc6 18. d5 Nb4 19. Qc1 e5 20. Na7 Qd7 21. b3 Bb7 22. e4 Ra8 23. Nb5 Bc8 24. h5 Qd8 25. hxg6 hxg6 26. Qg5 Bf6 27. Qd2 Kg7 28. Nh2 Rh8 29. f4 Na6 30. Rf1 Qg8 31. Rf2 (31. Nf3 $15 Bg4 32. Qe3) 31... Qh7 $17 32. Bf3 exf4 33. gxf4 Bh4 34. Rg2 (34. Re2 $1 $15) 34... Bh3 $1 $19 ({Inferior is} 34... Bf6 35. e5 $1 $14 {[%mdl 512]}) 35. Re2 {[#]} (35. Ng4 {was worth a try.} Bxg2 36. Qb2+ Kf8 37. Kxg2) 35... Bg3 $1 36. Nf1 Qh4 37. Bg2 {Precision: White = 40%, Black = 68%.} 0-1

[Event "3rd GRENKE Chess Open 2018"]
[Site "Karlsruhe"]
[Date "2018.03.31"]
[Round "4"]
[White "Korpa, Bence"]
[Black "Andreikin, Dmitry"]
[Result "1/2-1/2"]
[WhiteElo "2502"]
[BlackElo "2712"]
[Annotator "TA"]
[PlyCount "56"]
[EventDate "2018.??.??"]
[EventType "swiss"]
[EventCountry "GER"]
[SourceTitle "playchess.com"]
[Source "ChessBase"]
[SourceQuality "1"]

{[%evp 15,56,63,92,93,92,85,81,18,18,25,25,25,34,21,27,37,42,11,18,15,18,0,4,0,0,0,38,35,57,34,30,34,27,0,0,0,0,0,0,0,0,0,0]} 1. Nf3 g6 2. g3 Bg7 3. d4 c5 4. c3 b6 5. dxc5 (5. Bg2 Bb7 6. O-O Nf6 7. dxc5 bxc5 8. Qb3 Bd5 9. c4 Bc6 10. Nc3 O-O 11. Nd5 Bxd5 12. cxd5 d6 13. Bd2 Ne4 14. Bc3 Nxc3 15. bxc3 {0-1 (45) Camacho Collados,J (2383)-Shchekachev,A (2531) Berlin 2015}) 5... bxc5 6. Qd5 {A40: Unusual replies to 1 d4} Nc6 7. Qxc5 Nf6 8. Bg2 Ba6 {LiveBook: 3 Games} 9. Nd4 Nxd4 10. Qxd4 O-O 11. Qd1 $146 (11. Qa4 $16 Qb6 12. Bxa8 Rxa8 13. Nd2) ({Predecessor:} 11. Bxa8 Qxa8 12. f3 e5 {0-1 (34) Zickus,S (2269)-Kanovsky,D (2409) Pardubice 2008}) 11... Rb8 12. O-O Bb7 13. Bxb7 Rxb7 14. Nd2 {[%cal Bb1d2,Bd2c4,Bc4e3][%mdl 32]} Qa5 15. e4 d6 {[%cal Bd7d6,Bd6d5][%mdl 32]} 16. Qf3 {[#] Black must now prevent e5!} Nd7 17. Re1 Rfb8 18. Nc4 Qa6 19. Qe2 Nc5 20. e5 d5 21. Ne3 Qc6 22. Nc2 e6 23. Nb4 $36 {[%mdl 2048] White has the initiative.} Qc8 24. Na6 Nxa6 {The position is equal.} 25. Qxa6 Qc7 26. Qe2 a5 27. a4 Rb3 28. Ra2 Qc6 {Precision: White = 54%, Black = 75%.} 1/2-1/2